000
00269nam a22001337a 4500
041
_a
ENG
100
_a
Gupta
245
_a
Workshop Technology Vol 1
260
_a
Delhi
_b
New Heights PUB
_c
1998
300
_a
608
650
_a
FMP
700
_a
Kaushish
856
_u
FMP
999
_c
644
_d
644